000 00678nam a2200229Ia 4500
003 OSt
005 20220927105022.0
006 a|||||r|||| 00| 0
007 ta
008 220926b |||||||| |||| 00| 0 eng d
024 _a186901
037 _cReference Collections
040 _aRTL
_cRTL
_beng
041 _2eng
_aeng
082 _a"X9(J).2.N61r, K1"
110 _aGENERAL FIBRE DEALERS LIMITED
_9369464
245 0 _a"Annual report,1961."
260 _aCalcutta
_bGeneral Fibre Dealers Ltd
_c1961
700 _aGENERAL FIBRE DEALERS LIMITED
_9369465
942 _h"X9(J).2.N61r, K1"
_cCC
999 _c690241
_d690241